Pesi membri dei BRICS - Statistics

Statistiche generali
  • Questo quiz è stato fatto 96 volte
  • Il punteggio medio è 7 su 10
Statistiche sulle risposte
Affiliazione Paese % Corretto
I originari India
99%
B originari Brasile
97%
C originari Cina
95%
R originari Russia
95%
S 2010 SudAfrica
81%
2025 Indonesia
57%
2024 Egitto
55%
2024 Iran
52%
2024 Etiopia
37%
2024 Emirati Arabi Uniti
36%
Nessun quiz corrispondente trovato
Distribuzione punteggi
Percentuale di utenti per punteggio
Percentile per numero di risposta
I tuoi punteggi nel tempo
Non hai fatto questo quiz